Accessing justice : challenges faced by trafficked persons and smuggled migrants /

Bibliographic Details
Corporate Author: United Nations Office on Drugs and Crime
Format: Book
Language:English
Published: New York, NY : : United Nations,
Subjects:
Online Access:Full text available on Policy Brief
Classic Catalogue: View this record in Classic Catalogue
LEADER 01262nam a22002417a 4500
001 45168
003 BD-DhAAL
005 20260105164208.0
008 260105b au ||||| |||| 00| 0 eng d
040 |a BD-DhAAL  |c BD-DhAAL 
082 |a 364.13 
110 |a United Nations Office on Drugs and Crime  |9 59955 
245 |a Accessing justice :   |b challenges faced by trafficked persons and smuggled migrants / 
260 |a New York, NY : :  |b United Nations, 
300 |a 12 pages ;  |c 30 cm 
541 |a Donated by K. Shamsuddin Mahmood (Professor and Dean School of Law) BRAC University  |e 45168 
650 |a Human trafficking. 
650 |a Human smuggling.  |9 60063 
710 |a United Nations Office on Drugs and Crime  |9 59955 
856 |z Full text available on Policy Brief  |u https://www.unodc.org/documents/human-trafficking/2023/New_publications/Policy_Brief_3.pdf 
942 |2 ddc  |c BK 
999 |c 47697  |d 47697 
952 |0 0  |1 0  |2 ddc  |4 0  |6 364_130000000000000_ACC  |7 0  |8 RPT  |9 78659  |a BRACUL  |b BRACUL  |c GEN  |d 2026-01-05  |e Donated by K. Shamsuddin Mahmood (Professor and Dean School of Law) BRAC University  |l 0  |o 364.13 ACC  |p 3010045168  |r 2026-01-05  |t 1  |w 2026-01-05  |y BK  |x Donated copy received from K. Shamsuddin Mahmood (Professor and Dean School of Law) BRAC University on 8 December 2025